000 00866nac a22002171u 4500
010 _a 53012048
035 _a(OCoLC)2116408
082 _a660.76
_bL6731
090 _c4370
_d4370
100 _aLewis, Warren Kendall,
245 1 0 _aIndustrial stoichiometry;
_bchemical calculations of manufacturing processes
_c[by] Warren K. Lewis, Arthur H. Radasch [and] H. Clay Lewis.
250 _a2d ed.
260 _aNew York,
_bMcGraw-Hill,
_c1954.
300 _a429 p.
_billus.
_c24 cm.
440 0 _aMcGraw-Hill series in chemical engineering
650 0 _aChemistry
_xProblems, exercises, etc.
700 1 _aRadasch, Arthur Hitchcock,
_d1898-
700 1 _aLewis, H. Clay
_q(Herbert Clay),
_d1913-
942 _cBB
_k660.76L6731
999 _c4370
_d4370